|
|
|
|
| LEADER |
01262nab#a2200289#ar4500 |
| 001 |
000073382 |
| 003 |
SVKKK |
| 005 |
19970922xxxxxxx. |
| 008 |
06 c xo huno |
| FMT |
|
|
|
| 038 |
|
|
|a SVKKK
|
| 040 |
|
|
|a SVKKK
|b slo
|e AACR2
|
| 041 |
0 |
|
|a hun
|
| 044 |
|
|
|a xo
|c SK
|
| 080 |
|
|
|a 352
|
| 242 |
1 |
0 |
|a Zasadnutie mestského zastupiteľstva
|
| 245 |
0 |
0 |
|a Képviselőtestületi közgyűlés
|
| 520 |
2 |
|
|a Na zasadnutí bolo odsúhlasené podchytiť zápisnične sústrasť rodine po zomrelom Alexandrovi (Sándor) Markóovi. Bola stanovená úradná cena vyrúbaného dreva v časti ördögköszál v katastri mesta. Hospodárskemu poradcovi Jánovi (János) Vanszákovi bola predĺžená dovolenka o 3 mesiace. Jeho záastupcom bol menovaný Štefan (István) Kun, lesný majster. Zasadnutie sa zaoberalo výstavbou - resp. vyložením kameňmi niektorých ciest v okolí mesta.
|
| 650 |
0 |
4 |
|a zastupiteľstvo mestské, Rožňava - 7.08.1912 - zasadanie riadne - Pósch, Jozef (mešťanosta) - predsedanie - informácie
|
| 773 |
0 |
|
|t Sajó-Vidék : Vegyestartalmú hetilap
|g Roč. 15, č. 32 (08.08.1912) s. 4
|
| 957 |
|
|
|a Rožňava
|
| 958 |
|
|
|a DG
|
| 958 |
|
|
|a SK
|
| 974 |
|
|
|a ebl
|d 19970922
|
| 992 |
|
|
|a RBX
|
| BAS |
|
|
|
| 998 |
|
|
|a RETRO
|